000 00430nam a2200121Ia 4500
008 220615s9999||||xx |||||||||||||| ||und||
245 0 _aMATLAB for Engineers
_bApplications in Control, Electrical Engineering, IT and Robotics
546 _aEnglish[eng]
650 _aComputer modelling & simulation
700 _aPerutka, Karel
856 _uhttps://mts.intechopen.com/storage/books/1026/authors_book/authors_book.pdf
942 _cEB
999 _c15582
_d15582